| 000 | 00463nam a2200169Ia 4500 | ||
|---|---|---|---|
| 999 |
_c34778 _d34778 |
||
| 003 | OSt | ||
| 005 | 20200201100033.0 | ||
| 008 | 190216s9999||||xx |||||||||||||| ||und|| | ||
| 040 | _coclc | ||
| 082 |
_a320 _bGOK/P |
||
| 100 |
_aGokhale, B K _91729 |
||
| 245 | 0 |
_aPolitical Science / _cB K Gokhale |
|
| 260 |
_bThe World Press Pvt Ltd, _c1967. |
||
| 300 | _a506p | ||
| 650 | _aPolitical Science | ||
| 942 |
_cBK _2ddc _h320 _iGOK/P _k320 _mGOK/P |
||